000 00490nam a2200193 a 4500
001 1773127630772
003 YourLibrary
005 20260310125913.0
008 260310s2001##################000#0#eng##
020 _a9780876309872
082 0 4 _a362.287
_bLES
100 1 _aLester, David,
_eauthor.
245 1 0 _aSuicide Prevention :
260 _bPsychology Press,
_c2001.
300 _a338 pages
650 0 _aPsychology.
942 _cENGLISH
040 _aYourLibrary
_beng
_cYourLibrary
999 _c617336
_d617336